| 000 | 00511nam a2200169 a 4500 | ||
|---|---|---|---|
| 005 | 20210219160536.0 | ||
| 008 | 081110s1963 mx r 000 0 spa d | ||
| 035 | _aUPN01000167513 | ||
| 049 | _aUNE | ||
| 080 | _a374.7 (100) "1963" SEG No.46. | ||
| 245 | 0 | 0 | _aConferencia mundial de educación de adultos. |
| 260 |
_aParís : _bUNESCO, _c1963. |
||
| 300 | _a53 p. | ||
| 440 | 0 |
_aEstudios y documentos de educación ; _v46 |
|
| 690 | _aEducación de adultos - Conferencias internacionales | ||
| 905 | _aUNESCO | ||
| 999 |
_c139624 _d139624 |
||